| 000 | 00437nam a2200193Ia 4500 | ||
|---|---|---|---|
| 005 | 20250425162642.0 | ||
| 008 | 250425s9999 xx 000 0 und d | ||
| 020 | _a0124653308 | ||
| 041 | _aeng | ||
| 082 | _a574.8 | ||
| 245 | 0 | _aVIROLOGY METHODS MANUAL | |
| 250 | _aS.E | ||
| 260 |
_aEstados Unidos _bACADEMIC PRESS LIMITED _c1996 |
||
| 260 | _aNEW YORK | ||
| 300 | _a374 | ||
| 650 | _aVIRUS | ||
| 942 | _c01 | ||
| 010 | _a94143 | ||
| 999 |
_c233641 _d233641 |
||